<?xml version="1.0" encoding="UTF-8"?><OAI-PMH xmlns="http://www.openarchives.org/OAI/2.0/" xmlns:xsi="http://www.w3.org/2001/XMLSchema-instance"     xsi:schemaLocation="http://www.openarchives.org/OAI/2.0/ http://www.openarchives.org/OAI/2.0/OAI-PMH.xsd"><responseDate>2026-05-16T13:57:41Z</responseDate><request verb="GetRecord" identifier="oai:regmurcia.com:fintegr.466" metadataPrefix="marc21">http://oai.regmurcia.com/oai2/oai2.php</request><GetRecord><record><header><identifier>oai:regmurcia.com:fintegr.466</identifier><datestamp>2026-05-16</datestamp><setSpec>documentos</setSpec></header><metadata><record  xmlns="http://www.loc.gov/MARC21/slim" xmlns:xsi="http://www.w3.org/2001/XMLSchema-instance" xsi:schemaLocation="http://www.loc.gov/MARC21/slim http://www.loc.gov/standards/marcxml/schema/MARC21slim.xsd" type="Bibliographic"><leader>00000nam a2200000   4500</leader><controlfield tag="001" >005074119</controlfield><controlfield tag="003" >466</controlfield><controlfield tag="004" >A00000000</controlfield><datafield tag="245" ind1=" " ind2=" "><subfield code="a">Provisión de los Reyes Católicos a Diego Romaní, juez de residencia de Murcia, para que acuda ante el Consejo Real a dar cuenta de sus actos.</subfield></datafield><datafield tag="300" ind1=" " ind2=" "><subfield code="c">322 x 315 mm.</subfield></datafield><datafield tag="351" ind1=" " ind2=" "><subfield code="a">Unidad Documental simple</subfield><subfield code="c">Archivo de Murcia. Array</subfield><subfield code="a">Unidad Documental simple</subfield><subfield code="c">Archivo de Murcia. Array</subfield></datafield><datafield tag="351" ind1=" " ind2=" "><subfield code="b">Nº 164</subfield></datafield><datafield tag="506" ind1=" " ind2=" "><subfield code="a">Acceso restringido</subfield></datafield><datafield tag="510" ind1=" " ind2=" "><subfield code="a">Pub. GOMARIZ MARÍN, ANTONIO. Documentos de los Reyes Católicos 1492-1504. Murcia: Academia Alfonso X el Sabio, 2000. pp. 1188-1189</subfield></datafield><datafield tag="520" ind1=" " ind2=" "><subfield code="a">Los Reyes Católicos ordenan a Diego Romaní, juez de residencia de Murcia que abandone el monasterio de San Francisco, donde se había refugiado tras huir cuando Juan de Montalvo, pesquisidor, le estaba tomando residencia, y se presente ante el Consejo Real para dar cuenta de sus actos y pagar lo que debe.</subfield></datafield><datafield tag="583" ind1=" " ind2=" "><subfield code="u">http://www.regmurcia.com/servlet/s.Sl?METHOD=VERDOCUMENTO&amp;sit=serv,Carmesi&amp;n=/01/1061/indice.djvu</subfield></datafield><datafield tag="592" ind1=" " ind2=" "><subfield code="a">1504-09-12</subfield></datafield><datafield tag="592" ind1=" " ind2=" "><subfield code="d">1504-09-12 00:00:00</subfield></datafield><datafield tag="651" ind1=" " ind2=" "><subfield code="a">Medina del Campo</subfield></datafield><datafield tag="786" ind1=" " ind2=" "><subfield code="o">http://www.regmurcia.com/servlet/s.Sl?METHOD=VERDOCUMENTO&amp;sit=serv,Carmesi&amp;n=/01/1061/indice.djvu</subfield></datafield><datafield tag="856" ind1=" " ind2=" "><subfield code="u">http://www.regmurcia.com/servlet/s.Sl?METHOD=DETALLE&amp;sit=c,373,m,139,serv,Carmesi&amp;id=466</subfield></datafield></record></metadata></record></GetRecord></OAI-PMH>
